Music Quiz

Random Music Quiz

When You Look Me In The Eyes Lyrics Quiz Stats

 Plays Quiz not verified by Sporcle

Support Sporcle.
Go Orange.
Score 0/298 Timer 10:00
0 Plays Today
Answer % Correct
???
99.4%
???
99.4%
???
99.4%
???
99.4%
???
99.4%
???
99.4%
???
99.4%
???
99.4%
???
99.4%
???
99.4%
???
99.4%
???
99.4%
???
99.4%
???
99.4%
???
99.4%
???
99.4%
???
99.4%
???
99.4%
???
99.4%
???
99.4%
???
99.4%
???
99.4%
???
99.4%
???
99.4%
???
99.4%
???
99.4%
???
99.4%
???
99.4%
???
99.4%
???
99.4%
???
99.4%
???
99.4%
???
99.4%
???
99.4%
???
99.4%
???
99.4%
???
99.4%
???
99.4%
???
99.4%
???
99.4%
???
99.4%
???
99.4%
???
99.1%
???
99.1%
???
99.1%
???
99.1%
???
99.1%
???
99.1%
???
99.1%
???
99.1%
???
99.1%
???
99.1%
???
99.1%
???
99.1%
???
99.1%
???
99.1%
???
99.1%
???
99.1%
???
99.1%
???
99.1%
???
99.1%
???
99.1%
???
99.1%
???
99.1%
???
99.1%
???
98.2%
???
98.2%
???
98.2%
???
98.2%
???
98.2%
???
98.2%
???
98.2%
???
98.2%
???
98.2%
???
98.2%
???
98.2%
???
98.2%
???
98.2%
???
98.2%
???
98.2%
???
98%
???
98%
???
98%
???
98%
???
98%
???
98%
???
98%
???
98%
???
98%
???
98%
???
97.3%
???
97.3%
???
97.3%
???
97.3%
???
97.3%
???
97.3%
???
97.3%
???
97.3%
???
97.3%
???
97.3%
Answer % Correct
???
97.3%
???
97.3%
???
97.3%
???
97.3%
???
97.3%
???
97.3%
???
97.3%
???
97.3%
???
97.3%
???
97.3%
???
97.3%
???
97.3%
???
97.3%
???
97.3%
???
97.3%
???
97.3%
???
97.3%
???
97.3%
???
97.3%
???
97.3%
???
96.5%
???
96.5%
???
96.5%
???
96.5%
???
96.5%
???
96.5%
???
96.5%
???
96.5%
???
96.5%
???
96.5%
???
95.7%
???
95.7%
???
95.7%
???
95.7%
???
95.7%
???
95.7%
???
95.7%
???
95.7%
???
95.7%
???
95.1%
???
95.1%
???
95.1%
???
95.1%
???
95.1%
???
95.1%
???
95.1%
???
95.1%
???
95.1%
???
95.1%
???
95.1%
???
95.1%
???
95.1%
???
94.7%
???
94.2%
???
94.2%
???
94.2%
???
94.2%
???
94.2%
???
94.2%
???
94.2%
???
94.2%
???
94.2%
???
94.2%
???
93%
???
93%
???
93%
???
93%
???
92.2%
???
92.2%
???
92.2%
???
91.8%
???
91.8%
???
91.8%
???
91.8%
???
91.8%
???
91.8%
???
91.8%
???
91.8%
???
91.8%
???
91.5%
???
91.5%
???
91.5%
???
91.5%
???
91.5%
???
91.5%
???
91.3%
???
91.3%
???
91.3%
???
91.3%
???
91.3%
???
91.3%
???
91.1%
???
91.1%
???
91.1%
???
91.1%
???
91.1%
???
91.1%
???
91.1%
???
91.1%
???
91.1%
Answer % Correct
???
91.1%
???
90.8%
???
90.8%
???
90.8%
???
90.8%
???
90.5%
???
89.8%
???
89.6%
???
89.6%
???
89.6%
???
89.6%
???
89.6%
???
89.6%
???
89.6%
???
89.6%
???
89.3%
???
89.3%
???
89.3%
???
88.7%
???
88.7%
???
88.7%
???
88.5%
???
88.5%
???
88.5%
???
88.5%
???
88.4%
???
87.8%
???
87.8%
???
87.8%
???
87.3%
???
87.3%
???
87.2%
???
87%
???
86.9%
???
86.6%
???
86.6%
???
86.4%
???
86.4%
???
86.4%
???
86.3%
???
86.1%
???
86.1%
???
86%
???
86%
???
86%
???
85.3%
???
85%
???
84.3%
???
84.3%
???
84.3%
???
83.8%
???
83.4%
???
83.4%
???
83.2%
???
83.2%
???
83.1%
???
82.6%
???
82.3%
???
82%
???
81.5%
???
81.4%
???
81.4%
???
81.2%
???
81.2%
???
80.8%
???
80.3%
???
79.4%
???
79.2%
???
78.6%
???
78.5%
???
78.5%
???
78.5%
???
77.9%
???
77.1%
???
76.8%
???
76.5%
???
75.7%
???
74.8%
???
74.8%
???
74.4%
???
74.2%
???
72.7%
???
72.4%
???
72.4%
???
69.6%
???
68.7%
???
68.7%
???
68.5%
???
68.5%
???
68.1%
???
67.2%
???
66.9%
???
64.9%
???
62.6%
???
60%
???
55.6%
???
54.8%
???
54.8%

You're not logged in!

Compare scores with friends on all Sporcle quizzes.
OR
Log In

From the Vault

'U' Movies by Picture

by sweett310

This quiz is all about 'U'.
Remove Ads.
Support Sporcle.
Get the best of Sporcle when you Go Orange. This ad-free experience offers more features, more stats, and more fun while also helping to support Sporcle. Thank you for becoming a member.

Show Comments

Extras

Created Oct 12, 2013ReportNominate
Tags:Jonas Brothers

Top Quizzes Today


Score Distribution

Your Account Isn't Verified!

In order to create a playlist on Sporcle, you need to verify the email address you used during registration. Go to your Sporcle Settings to finish the process.

Report this User

Report this user for behavior that violates our Community Guidelines.

Details: